| 000 | 00622nam a2200229 a 4500 | ||
|---|---|---|---|
| 005 | 20140310183421.0 | ||
| 008 | 070921s19uu xx 00 eng d | ||
| 020 | _a0071253963 | ||
| 050 |
_aHG 4026 _b.B828 2006 |
||
| 100 | _aBrealey, Richard A. | ||
| 245 |
_aCorporate Finance / _cRichard Brealey |
||
| 250 | _a8th ed. | ||
| 260 |
_aNew York : _bMcGraw-Hill/Irwin, _c2006. |
||
| 300 |
_a1028 p. : _bill. ; _c25 cm. |
||
| 521 | _aBSBA | ||
| 650 | _aCorporate finance. | ||
| 650 |
_aCorporations _xFinance. |
||
| 700 | _aMyers, Stewart C. | ||
| 700 | _aAllen, Frankiln | ||
| 942 |
_cBK _2lcc _kFOR |
||
| 999 |
_c22609 _d22609 |
||